Diccionario manual griego-español (Registro nro. 186360)
[ vista simple ]
| 000 -LEADER | |
|---|---|
| campo de control de longitud fija | 00916nam a2200265 i 4500 |
| 001 - NÚMERO DE CONTROL | |
| campo de control | 186360 |
| 003 - IDENTIFICADOR DE NÚMERO DE CONTROL | |
| campo de control | ES-MaACL |
| 005 - FECHA Y HORA DE LA ÚLTIMA TRANSACCIÓN | |
| campo de control | 20230906222644.0 |
| 008 - DATOS DE LONGITUD FIJA--INFORMACIÓN GENERAL | |
| campo de control de longitud fija | 161028s1979 sp d |||| | spa d |
| 020 ## - NÚMERO INTERNACIONAL ESTÁNDAR DEL LIBRO | |
| Número Internacional Estándar del Libro | 84-7153-192-5 |
| 080 ## - NÚMERO DE LA CLASIFICACIÓN DECIMAL UNIVERSAL | |
| Número de la Clasificación Decimal Universal | (038)=134.2=14 |
| 100 1# - ENTRADA PRINCIPAL--NOMBRE DE PERSONA | |
| Nombre de persona | Pabón, José Manuel. |
| 9 (RLIN) | 88100 |
| 245 10 - MENCIÓN DEL TÍTULO | |
| Título | Diccionario manual griego-español |
| Resto del título | : con un apéndice gramatical / |
| Mención de responsabilidad, etc. | por José M. Pabón S. de Urbina. |
| 246 33 - FORMA VARIANTE DEL TITULO | |
| Título propio/Titulo breve | Diccionario manual griego-español |
| Resto del título | : Vox |
| 250 ## - MENCION DE EDICION | |
| Mención de edición | 11ª ed. |
| 260 ## - PUBLICACIÓN, DISTRIBUCIÓN, ETC. | |
| Lugar de publicación, distribución, etc. | Barcelona : |
| Nombre del editor, distribuidor, etc. | Biblograf, |
| Fecha de publicación, distribución, etc. | 1979. |
| 300 ## - DESCRIPCIÓN FÍSICA | |
| Extensión | XVI, 711 p. ; |
| Dimensiones | 20 cm. |
| 490 1# - MENCIÓN DE SERIE | |
| Mención de serie | Vox |
| 594 ## - Nota al título y mención de responsabilidad | |
| Nota al título y mención de responsabilidad | Apéndice gramatical por M. Fernández-Galiano. |
| 650 04 - PUNTO DE ACCESO ADICIONAL DE MATERIA--TÉRMINO DE MATERIA | |
| Término de materia o nombre geográfico como elemento de entrada | Lengua griega- |
| Subdivisión de forma | Diccionarios- |
| Subdivisión general | Español. |
| 9 (RLIN) | 14242 |
| 650 04 - PUNTO DE ACCESO ADICIONAL DE MATERIA--TÉRMINO DE MATERIA | |
| Término de materia o nombre geográfico como elemento de entrada | Lengua griega- |
| Subdivisión general | Gramática. |
| 9 (RLIN) | 14245 |
| 830 0# - PUNTO DE ACCESO ADICIONAL DE SERIE-TÍTULO UNIFORME | |
| Título uniforme | Vox |
| 9 (RLIN) | 182574 |
| 852 ## - LOCALIZACIÓN | |
| Ubicación | ES-MaACL |
| Número de control de estantería | L-30725 |
| Nota libre | - enc. cart. |
| -- | . - Donat. Miguel A. Velasco |
| Estatus retirado | Estado de pérdida | Estado de daño | No para préstamo | Colección | Biblioteca de origen | Biblioteca actual | Ubicación en estantería | Fecha de adquisición | Fuente de adquisición | Total de préstamos | Signatura topográfica completa | Código de barras | Visto por última vez | Precio de reemplazo | Tipo de ítem Koha |
|---|---|---|---|---|---|---|---|---|---|---|---|---|---|---|---|
| Colección de referencia | Biblioteca del Ateneo de Madrid | Biblioteca del Ateneo de Madrid | Depósito 2 | 28/10/2016 | L-30725 | 1196513 | 23/02/2023 | 23/02/2023 | Libro impreso |
